Statistiques concernant César de la meilleure actrice

Cliquez ici pour prendre le quiz!

Statistiques générales

  • Ce quiz a été pris 454 fois
    (140 depuis la dernière actualisation)
  • Le résultat moyen est 27 sur 44

Statistiques - réponses

Hint Answer % Correct
1981Catherine Deneuve
93%
1993Catherine Deneuve
93%
1996Isabelle Huppert
87%
2017Isabelle Huppert
87%
1995Isabelle Adjani
83%
1989Isabelle Adjani
83%
2010Isabelle Adjani
83%
1982Isabelle Adjani
83%
1984Isabelle Adjani
83%
2008Marion Cotillard
82%
1976Romy Schneider
76%
1979Romy Schneider
76%
2006Nathalie Baye
70%
1983Nathalie Baye
70%
1977Annie Girardot
67%
2005Yolande Moreau
67%
1992Jeanne Moreau
67%
2009Yolande Moreau
67%
1994Juliette Binoche
66%
1978Simone Signoret
65%
1990Carole Bouquet
63%
2000Karin Viard
63%
2014Sandrine Kiberlain
61%
2016Catherine Frot
61%
1980Miou-Miou
61%
1988Anémone
59%
1986Sandrine Bonnaire
58%
1997Fanny Ardant
57%
2012Bérénice Bejo
54%
2003Isabelle Carré
52%
2002Emmanuelle Devos
51%
1987Sabine Azéma
49%
2015Adèle Haenel
49%
1985Sabine Azéma
49%
1999Elodie Bouchez
47%
2001Dominique Blanc
47%
2011Sara Forestier
46%
2004Syvie Testud
45%
2013Emmanuelle Riva
45%
2019Léa Drucker
43%
1991Anne Parillaud
42%
2007Marina Hands
37%
1998Ariane Ascaride
36%
2018Jeanne Balibar
24%

Distribution des résultats

Percentile by Number Answered

% des personnes avec chaque résultat

Votre développement - résultats

Vous n’avez pas pris ce quiz depuis la dernière actualisation